01827cam a22004097a 4500003000500000005001700005008004100022010001000063011001000073035001000083040000900093090001000102100004300112245014400155260004100299300004000340502008400380590003700464590004100501590004100542590004100583590004200624650002800666650004900694650002700743650003100770901000700801905002400808942000900832949005500841949005500896949004200951999001700993952014001010952014001150952012701290CHAP20240214125651.0990316d1998 mx a r 00110 spa d a77280 a78252 a88129 cCHAP aTesis10aAvecías Vázquez, Juan Manuel9848910aCaracterísticas y clasificación industrial de variedades comerciales de trigo (Triticum aestivum)c/por Juan Manuel Avecías Vázquez aChapingo, Méx. :bEl autor,c1998. a81 h. :bilus. ; gráfs. ; cuadros aTesis (Ing. Agroindustrial) --UACH. Departamento de Ingeniería Agroindustrial aALEPHb10c20130110lUCH01h1428 aBATCH-UPDb10c20130110lUCH01h0609 aBATCH-UPDb10c20130410lUCH01h0251 aBATCH-UPDb10c20130914lUCH01h0431 aCONVERSIONb10c20130109lUCH01h134314aTrigoxCalidad.911498914aTrigoxCualidades de panificación.911500414aTrigoxGluten.911503414aTrigoxVariedades.9115119 aBK aMayto Villalobos S. cFOLL bBCcTESd33724000708947eTS2fc.2h33747i88129sb bBCcTESd33724000764338eTS2fc.3h35976i88129si bBCcTESd881291eTS1h33746i88129sb c77280d77280 00102local4053708TESISaBCbBCcPA_TESISd2019-12-31fTESISl0oTesisp33724000708947r2019-12-31 00:00:00tc.2w2019-12-31yTESIS 00102local4053708TESISaBCbBCcPA_TESISd2019-12-31fTESISl0oTesisp33724000764338r2019-12-31 00:00:00tc.3w2019-12-31yTESIS 00102local4051708TESISaBCbBCcPA_TESISd2019-12-31fTESISl0oTesisp881291r2019-12-31 00:00:00w2019-12-31yTESIS